Á lódáil...
Gandhian economic system : A necessity or utopia /
| Údair Eile: | |
|---|---|
| Teanga: | Undetermined |
| Foilsithe: |
Vichar :
New Delhi ,
1982.
|
| Ábhair: |
| LEADER | 00495nam a2200157Ia 4500 | ||
|---|---|---|---|
| 001 | 8059 | ||
| 008 | 170722s9999 xx 000 0 und d | ||
| 245 | |a Gandhian economic system : |b A necessity or utopia / | ||
| 260 | |a Vichar : |b New Delhi , |c 1982. | ||
| 300 | |a viii+156 |c 22cms | ||
| 653 | |a Economics | ||
| 653 | |a Gandhiana | ||
| 700 | |a Radhey Mohan |e editor. | ||
| 942 | |c GEN | ||
| 999 | |c 101415 |d 101415 | ||
| 952 | |0 0 |1 0 |4 0 |6 ZG_X_M2 |7 0 |9 142344 |a LIB |b LIB |d 2013-03-25 |o zG(X) M2 |p 189109 |r 2017-08-12 |w 2017-08-12 |y GEN | ||